| 000 | 01191cam a2200217 4500 | ||
|---|---|---|---|
| 001 | WB4006-16 | ||
| 008 | 040212n2004 000 0 eng u | ||
| 035 | _a(Sirsi) u125125 | ||
| 245 | _aLowland management to be shaken up | ||
| 260 | _c2004 | ||
| 490 |
_aEnglish Nature Press Release _v(EN/04/05) 10 February 2004 (4) |
||
| 520 | _aEnglish Nature has published "State of nature: lowlands - future landscapes for wildlife", which examines the health of England's countryside. It lists the 10 most critical actions needed to deliver environmentally sustainable management and tackle the increasing pressures on the lowlands. It calls for England's lowlands to be managed as a whole in order to reverse the decline of wildlife and habitats, as just protecting the remaining vulnerable sites is inadequate. Copies of the report are available from http://www.english-nature.org.uk or t +44 (0)870 1214 177. http://www.english-nature.org.uk/news/story.asp?ID =561 | ||
| 590 | _aWB | ||
| 590 | _aWB | ||
| 650 | _aLOWLAND MANAGEMENT | ||
| 650 | _aSUSTAINABLE ENVIRONMENT | ||
| 650 | _aCOUNTRYSIDE | ||
| 650 | _aWILDLIFE HABITATS | ||
| 690 | _aRURAL-NATURE CONSERVATION | ||
| 942 | _n0 | ||
| 999 |
_c117018 _d117018 |
||